| 000 | 00446nam a2200133 a 4500 | ||
|---|---|---|---|
| 001 | 000029378 | ||
| 005 | 20200930055517.0 | ||
| 008 | 110415s2006 dr a 000 0 spa d | ||
| 040 |
_aDO-SdBNP _bspa _cBNPHU |
||
| 245 | 0 | 0 |
_aCentro de investigación económica para el caribe= : _bEnonomic Research Center for the Caribean. |
| 260 |
_aSanto Domingo : _bOxfam Internacional, _c2006. _fEditora Búho |
||
| 300 |
_a20 p. : _bil. ; _c28 cm. |
||
| 049 | _aBNPD | ||
| 999 |
_c28870 _d28870 |
||